| 000 | 00902cab a2200229 4500 | ||
|---|---|---|---|
| 001 | WB3332-29 | ||
| 008 | 090401t1997 xxu||||| |||| 00| 0 eng d | ||
| 035 | _a(Sirsi) u80239 | ||
| 041 | _aeng | ||
| 245 | _aTown and country planning | ||
| 260 | _c1997 | ||
| 350 | _a0 | ||
| 490 |
_aEstates Gazette Case Summaries _v[1997] EGCS 129 (9/8/97) |
||
| 520 | _a"Beaulieu Property Management Ltd v SoS Environment and another" QBD 24 July 1997. Permission for vehicle repair shop refused on grounds of unacceptable noise to residents. B appealed on grounds that inspector had failed to have regard to a material consideration and had disregarded an earlier contrary decision. Appeal dismissed. | ||
| 650 | _aMATERIAL CONSIDERATIONS | ||
| 650 | _aNOISE | ||
| 650 | _aPLANNING PERMISSION | ||
| 650 | _aWORKSHOP | ||
| 690 | _aPLANNING LAW AND PRACTICE-CASE LAW | ||
| 942 | _n0 | ||
| 948 | _c13/08/1997 | ||
| 999 |
_c50508 _d50508 |
||